Communication of Secretary of Treasury, Treasury Department, C.S.A., Richmond, November 23, 1864. (Record no. 17332)

MARC details
000 -LEADER
fixed length control field 01033cam a2200253 4500
001 - CONTROL NUMBER
control field ca 34000727
003 - CONTROL NUMBER IDENTIFIER
control field DLC
005 - DATE AND TIME OF LATEST TRANSACTION
control field 20260227111131.0
008 - FIXED-LENGTH DATA ELEMENTS--GENERAL INFORMATION
fixed length control field 811211s1864 vau 000 0 eng
010 ## - LIBRARY OF CONGRESS CONTROL NUMBER
LC control number ca 34000727
040 ## - CATALOGING SOURCE
Original cataloging agency DLC
Transcribing agency CarP
Modifying agency DLC
043 ## - GEOGRAPHIC AREA CODE
Geographic area code n-us---
050 00 - LIBRARY OF CONGRESS CALL NUMBER
Classification number E480.5
Item number .C836
051 ## - LIBRARY OF CONGRESS COPY, ISSUE, OFFPRINT STATEMENT
Classification number E484
Item number .C65
Copy information No. 15 in a vol. with binder's title: C.S.A. Congress communications.
110 1# - MAIN ENTRY--CORPORATE NAME
Corporate name or jurisdiction name as entry element Confederate States of America.
Subordinate unit Department of the Treasury.
245 10 - TITLE STATEMENT
Title Communication of Secretary of Treasury, Treasury Department, C.S.A., Richmond, November 23, 1864.
246 1# - VARYING FORM OF TITLE
Display text At head of title:
Title proper/short title House of Representatives, November 25, 1864, laid on the table and ordered to be printed
260 ## - PUBLICATION, DISTRIBUTION, ETC.
Place of publication, distribution, etc. [Richmond,
Date of publication, distribution, etc. 1864]
300 ## - PHYSICAL DESCRIPTION
Extent 1 sheet ([1] p.)
Dimensions 24 cm.
510 4# - CITATION/REFERENCES NOTE
Name of source Crandall, M.L. Confederate imprints,
Location within source 1101
650 #0 - SUBJECT ADDED ENTRY--TOPICAL TERM
Topical term or geographic name entry element Finance
Geographic subdivision Confederate States of America.
650 #0 - SUBJECT ADDED ENTRY--TOPICAL TERM
Topical term or geographic name entry element Money
Geographic subdivision Confederate States of America.
710 2# - ADDED ENTRY--CORPORATE NAME
Corporate name or jurisdiction name as entry element Confederate States of America Collection (Library of Congress)
Institution to which field applies DLC

No items available.

Powered by Koha